| 000 | 00559nam a22002057a 4500 | ||
|---|---|---|---|
| 003 | OSt | ||
| 005 | 20140310182948.0 | ||
| 008 | 130205t xxu||||| |||| 00| 0 eng d | ||
| 020 | _a9789712346804 | ||
| 050 |
_aKPM 856 _b.C34 2006 |
||
| 100 | _aCahayon, Felipe P. | ||
| 245 |
_aEssentials of business law : _cFelipe P. Cahayon _b(for CPA board reviewees) / |
||
| 260 |
_aManila : _bRex Book Store, _c2006. |
||
| 300 |
_axvii, 180 p. : _c23 cm. |
||
| 521 | _aBSBA | ||
| 650 | _aBusiness law. | ||
| 942 |
_2lcc _cBK _kLOC |
||
| 999 |
_c17855 _d17855 |
||